Normal view
MARC view
- English Literature
Entry Topical Term
001 - CONTROL NUMBER
- control field: 23844
003 - CONTROL NUMBER IDENTIFIER
- control field: OSt
005 - DATE AND TIME OF LATEST TRANSACTION
- control field: 20220803172227.0
008 - FIXED-LENGTH DATA ELEMENTS
- fixed length control field: 220803|| aca||aabn | a|a d
040 ## - CATALOGING SOURCE
- Original cataloging agency: OSt
- Transcribing agency: OSt
150 ## - HEADING--TOPICAL TERM
- Topical term or geographic name entry element: English Literature
670 ## - SOURCE DATA FOUND
- Source citation: Work cat.: (OSt)15166: Schmidt E 23843, New Digital Age : Reshaping The Future Of People Nations And Business, 2013